1728 1761 1288 1885 1508 1124 1923 1721 1225 1060 1416 1672 1724 1237 1453 1793 1949 1550 1515 1542 1714 1878 1832 1548 1332 1111 1739 1284 1240 1847 1841 1875 1192 1025 1860 1730 1232 1210 1206 1121 1367 1286 1016 1568 1092 1951 1054 1721 1249 1954 1312 1683 1290 1609 1652 1035 1964 1124 1892 1236 1107 1916 1010 1408 1382 1369 1044 1239 1946 1832 1579 1616 1187 1522 1432 1062 1945 1701 1614 1216 1470 1690 1638 1849 1778 1181 1547 1899 1537 1814 1179 1508 1854 1080 1317 1464 1883 1300 1082 BCNSPRNW ULIB Ver.6.0+V

เปลี่ยนเป็นภาษาไทย

Change to English
 แสดงรายละเอียดบรรณานุกรม
  กลับหน้าหลัก

Brief Record : Get Marc (ISO 2709) : E-mail record : QR code < ปิดหน้าต่าง
LEADER : 00000nam 2200000uu 4500
001    13399111747
003     ULIB
008    110707s2552||||th 000 0 tha d
020    9789742356170
050 04 CT3203^bส174ผ 2552
110 1  เบอร์ต้า (ประเทศไทย)
245 00 ผู้หญิงในตำนานที่โลกไม่ลืม =^bThe Legendary women /^cเบอร์ต้า (ประเทศไทย)
246 31 The Legendary women
250    พิมพ์ครั้งที่ 1
260    กรุงเทพ ฯ :^bเบอร์ต้า (ประเทศไทย),^c2552
300    465 หน้า :^bภาพประกอบ
650  7 สตรี^xชีวประวัติ
650  7 บุคคลสำคัญ
650  7 บุคคลมีชื่อเสียง
945    ^p500^l0^i027561
995    ทศพร
999 ^a ใช้งานได้ทุกระบบ
รายการนี้ยังไม่มีแท็ก
คุณยังไม่ได้ล็อกอิน คุณสามารถมีกิจกรรมร่วมกับเว็บไซต์ได้ แต่ต้องล็อกอินก่อน ::
  ล็อกอิน

รายการสื่อสารสนเทศ

ลำดับที่ ประเภท เลขเรียก/บาร์โค้ด สถานที่ สถานะ
- ไม่พบข้อมูล -

BibComment


ยังไม่เคยถูกคอมเมนท์

คอมเมนท์ทรัพยากรรายการนี้
  คอมเมนท์: ผู้หญิงในตำนานที่..


 Copyright 2026. Bcnsprnw @Library